000
00337nam a2200145Ia 4500
100
_a
Shukla/K.K/ anuj jain
650
_a
Strength of Materials
942
_c
BK
366
_f
25
245
_a
Strength Of Materials
260
_b
Narosa Publication House
_c
2014
082
_a
620.112
_b
SHU
546
_a
ENGLISH
_c
Info.Tech
999
_c
33276
_d
33276